La théorie des 4 humeurs - Statistiques

Statistiques générales
  • Ce quiz a été pris 15 fois
  • Le résultat moyen est 5 sur 15
Statistiques - réponses
Question Réponse % Correct
à quel tempérament est associé la bile noire ? mélancolique
80%
à quel élément est associé la bile noire terre
80%
à quel organe est associé le sang ? coeur
60%
à quel tempérament est associé la mucosité ? flegmatique
60%
à quelle saison est associé la bile noire ? automne
40%
à quel élément est associé la bile jaune ? feu
40%
à quel organe est associé la bile jaune ? foie
40%
à quel élément est associé le sang ? air
20%
à quel organe est associé la mucosité ? cerveau
20%
à quel tempérament est associé la bile jaune ? colérique
20%
à quel élément est associé la mucosités ? eau
20%
à quelle saison est associé le sang ? été
20%
à quelle saison est associé la bile jaune ? printemps
20%
à quel organe est associé la bile noire ? rate
20%
à quelle saison est associé le mucosité ? hiver
0%
Aucun quiz correspondant
Distribution des résultats
% des personnes avec chaque résultat
Percentile par nombre de réponses
Votre historique - résultats
Vous n’avez pas pris ce quiz